[Event "Voronezh op 05"]
[Site "Voronezh"]
[Date "2012.05.16"]
[Round "5"]
[White "Kalinin, Gennady"]
[Black "Popov, Evgeny1111"]
[Result "1-0"]
[WhiteElo "2066"]
[BlackElo "1791"]
[PlyCount "77"]
[EventDate "2012.05.12"]
[EventType "swiss"]
[EventRounds "9"]
[EventCountry "RUS"]
[SourceTitle "EXT 2013"]
[Source "ChessBase"]
[SourceDate "2012.11.22"]
[SourceVersion "1"]
[SourceVersionDate "2012.11.22"]
[SourceQuality "1"]

1. d4 d5 2. Bg5 Nc6 3. e3 Bf5 4. c4 Nf6 5. Nc3 e6 6. cxd5 exd5 7. Bxf6 gxf6 8. Bd3 Bxd3 9. Qxd3 Qd7 10. Nge2 0-0-0 11. Rc1 Qg4 12. Nf4 Bh6 13. h3 Qg7 14. Qf5+ Kb8 15. Ncxd5 Bxf4 16. Nxf4 Rhe8 17. 0-0 Rg8 18. g3 Qg5 19. Qxg5 fxg5 20. Nd3 h5 21. Rc5 f6 22. Kg2 Ne7 23. f4 b6 24. Rcc1 Nd5 25. Kf2 Rge8 26. Rfe1 Re4 27. fxg5 fxg5 28. Kf3 Re7 29. Ne5 Kb7 30. Ke4 c5 31. Rf1 cxd4 32. exd4 Nc7 33. Rf7 Rxf7 34. Nxf7 Rg8 35. d5 g4 36. h4 Re8+ 37. Kd4 Re2 38. d6 Nb5+ 39. Kd3 1-0

[Event "Voronezh Winter op"]
[Site "Voronezh"]
[Date "2012.01.13"]
[Round "3"]
[White "Malikov, Sergey Konstantinov"]
[Black "Kalinin, Gennady"]
[Result "0-1"]
[WhiteElo "1803"]
[BlackElo "2066"]
[PlyCount "56"]
[EventDate "2012.01.11"]
[EventType "swiss"]
[EventRounds "7"]
[EventCountry "RUS"]
[SourceTitle "EXT 2013"]
[Source "ChessBase"]
[SourceDate "2012.11.22"]
[SourceVersion "1"]
[SourceVersionDate "2012.11.22"]
[SourceQuality "1"]

1. e4 e6 2. Nc3 d5 3. d4 Be7 4. Be2 Nf6 5. Bf3 0-0 6. Nge2 dxe4 7. Nxe4 Nbd7 8. 0-0 c6 9. Bf4 Qb6 10. Qc1 Nxe4 11. Bxe4 Nf6 12. Bf3 Nd5 13. Be5 Bf6 14. Rd1 Bxe5 15. dxe5 Ne7 16. Rd3 Ng6 17. Be4 Nxe5 18. Rh3 f5 19. Bf3 Ng4 20. Bxg4 fxg4 21. Re3 e5 22. c4 Be6 23. Qc3 Rae8 24. Ng3 Qd4 25. Rae1 Qxc4 26. Qxe5 Bf7 27. Qg5 Rxe3 28. fxe3 Bg6 0-1